Joueurs avec 50 sélections ou + en équipe de France - Mort subite - Statistiques

Statistiques générales
  • Ce quiz a été pris 8 726 fois
  • Le résultat moyen est 6 sur 23
Answers on the Grid
Answers color-coded by a green-red scale on the quiz's grid according to % correct below.
Adil Rami
Antoine Griezmann
Bacary Sagna
Basile Boli
Bernard Lacombe
Bernard Lama
Christophe Dugarry
David Trezeguet
Didier Deschamps
Dimitri Payet
Djibril Cissé
Eric Abidal
Eric Cantona
Franck Ribéry
Hugo Lloris
Jean-Pierre Papin
Just Fontaine
Karim Benzema
Laurent Koscielny
Lilian Thuram
Lucas Digne
Marius Trésor
Mathieu Valbuena
Maxime Bossis
Mike Maignan
Nicolas Anelka
Ousmane Dembélé
Patrice Evra
Patrick Vieira
Philippe Mexès
Raymond Kopa
Samir Nasri
Samuel Umtiti
Steve Mandanda
Théo Hernandez
Thierry Henry
Willy Sagnol
Yoann Gourcuff
Yohan Cabaye
Zinédine Zidane
 
Statistiques - réponses
Réponse % Correct
Hugo Lloris
54%
Zinédine Zidane
54%
Thierry Henry
53%
Antoine Griezmann
51%
Didier Deschamps
48%
Lilian Thuram
47%
Patrick Vieira
40%
Karim Benzema
37%
Patrice Evra
34%
Franck Ribéry
33%
David Trezeguet
29%
Eric Abidal
21%
Jean-Pierre Papin
21%
Ousmane Dembélé
20%
Laurent Koscielny
19%
Willy Sagnol
14%
Marius Trésor
12%
Mathieu Valbuena
12%
Bacary Sagna
10%
Christophe Dugarry
10%
Lucas Digne
8%
Nicolas Anelka
8%
Maxime Bossis
6%
Aucun quiz correspondant
Distribution des résultats
% des personnes avec chaque résultat
Percentile par nombre de réponses
Votre historique - résultats
Vous n’avez pas pris ce quiz